00446nam a22001217a 4500020001600000040001600016082001200032100001800044245015400062260003500216300002700251650004600278 qHard Cover. cSINES-NUST, a004-Tah aSamia Tahira. aStructural, Electronic and Magnetic Properties of 2D MXene Monolayer for Energy Storage Applications:bA Computational Investigation /cTahira, Samia aIslamabad:bSINES-NUST,c2022. a74 p. :bill. ;c30cm. 2MS-Computational Science and Engineering.